Islam and modernism /

محفوظ في:

المؤلف الرئيسي: Maryam Jameelah, 1934-2012 (مؤلف)

التنسيق: كتاب

اللغة: English

منشور في: Sant Nagar, Lahore : Mohammad Yusuf Khan, 1977.

الطبعة: 4th ed.

الموضوعات:

الوسوم: إضافة وسم

لا توجد وسوم, كن أول من يضع وسما على هذه التسجيلة!

رقم الطلب: BP165 .M315 1977

LEADER 00633nam a2200229Ia 4500
001 8715
003 OSt
005 20250925083512.0
008 130303s1977 pk b 000 0 eng d
035 |a ocm12625646 
040 |c ARCE Library 
050 4 |a BP165 .M315 1977 
100 0 |a Maryam Jameelah,  |d 1934-2012,  |e author 
245 1 0 |a Islam and modernism /  |c by Maryam Jameelah. 
250 |a 4th ed. 
264 1 |a Sant Nagar, Lahore :  |b Mohammad Yusuf Khan,  |c 1977. 
300 |a xvi, 266 pages ;  |c 22 cm. 
504 |a Bibliography : pages 260-266. 
650 0 |a Islam  |y 20th century. 
901 |a reviewed 
942 |c BK  |2 lcc 
999 |c 3664  |d 3664